Estadísticas para Países por Gasto Militar

Haz click aquí para intentar la prueba.

Estadísticas generales

  • Esta prueba ha sido intentada 1.788 veces
    (1.545 desde el último reinicio)
  • La puntuación promedio es 17 de 20

Estadísticas de respuestas

GastoPaís% Correcto
$611 bilEstados Unidos
100%
$216 bilChina
98%
$69.2 bilRusia
98%
$41.1 bilAlemania
97%
$55.7 bilFrancia
97%
$14.9 bilEspaña
94%
$55.9 bilIndia
93%
$48.3 bilReino Unido
93%
$46.1 bilJapón
92%
$22.8 bilBrasil
90%
$36.8 bilCorea del Sur
90%
$27.9 bilItalia
89%
$15.5 bilCanadá
88%
$12.3 bilIrán
85%
$24.3 bilAustralia
83%
$63.7 bilArabia Saudita
81%
$14.9 bilTurquía
74%
$17.8 bilIsrael
70%
$10.6 bilArgelia
43%
$22.8 bilEmiratos Árabes Unidos
42%

Distribución de puntuación

Porcentaje por número respondido

Porcentaje de gente con cada puntuación

Historial de tus puntuaciones

No has intentado esta prueba desde el último reinicio